00474nam a2200145Ia 4500008004100000020001800041041000800059082001500067100003400082245008200116250000600198260006400204300001300268650004700281210716s2013 xx 000 0 und d a9781259097386 aeng a519.5 JAGS aJaggia, Sanjiv;Kelly, Alison. aBusiness statistics: communicating with numbers.bCommunicating with numbers. a1 aNew DelhibTata McGraw Hill Education Private Limitedc2013 axxxi,714 aBusiness Statistics & Quantitative Methods